| 000 | 00626nam a2200241Ia 4500 | ||
|---|---|---|---|
| 001 | Z_5245 | ||
| 008 | 220113s1995 xx 000 0 und d | ||
| 010 | _a168309 | ||
| 082 | _a636.08 J6 | ||
| 100 |
_aJornadas sobre producción animal (5 : Zaragoza, España : 1993) _9142572 |
||
| 245 |
_aJornadas de estudio / _cpor Asociación Interprofesional para el Desarrollo Agrario |
||
| 260 |
_aZaragoza : _bAIDA, _c1995 |
||
| 300 | _a2 v. | ||
| 440 | _a | ||
| 500 | _a | ||
| 503 | _a | ||
| 650 |
_aGanadería _xCongresos _944677 |
||
| 901 | _a636.08 J6 | ||
| 902 | _aA | ||
| 910 | _a1995 | ||
| 942 | _cc1 | ||
| 999 |
_c168309 _d168309 |
||